Datum a čas kvízu
27.5
Celkem bodů
Celkový počet nahraných bodů na tomto kvízu bez doplňovacích otázek.
5.
Pořadí na kvízu
Konečné umístění týmu na tomto kvízu.
Zaznamenané odpovědi
| # | Otázka | Odpověď | Body | Výsledky |
|---|---|---|---|---|
| 1. | Ručně a stručně vyřešila své p... | v Brně | 0 | |
| 2. | Vláda jedné země chystá poměrn... | Austrálie | 0 | |
| 3. | Který bývalý člen kanceláře pr... | Jiří Ovčáček | 1 | |
| 4. | Minulý týden jsme se dozvěděli... | 5 000 Kčs | 0 | |
| 5. | V nominaci německé fotbalové r... | Lotyšsko | 0 | |
| 6. | Robin Hood je britsko-americký... | Ridley Scott, Russel Crowe | 0 | |
| 7. | Režisér a scenárista Otakar Vá... | Proti všem | 0 | |
| 8. | Německý film režiséra Edwarda... | Na západní frontě klid, Erich Maria Remarque | 1 | |
| 9. | Film Pianista byl natočen v ro... | Adrien Brody, Roman Polański | 0 | |
| 10. | Napište název filmu, z něhož p... | Četa (Platoon) | 0 |